00335cam a22001217a 4500008004200000082001300042100002100055245005100076260003500127300001000162440002900172650001200201180718b1984p. xxu||||| |||| 00| 0 eng d aA3 C461w aChristie, Agatha aWhy didn't they ask evans?cby Agatha Christie aNew YorkbBerkly Booksc1984p. a230p. aA hercule poirot mystery aFiction